| 000 | 00735nam a2200205Ia 4500 | ||
|---|---|---|---|
| 005 | 20260121110144.0 | ||
| 008 | 008 260114s9999 xx 000 0 hin d | ||
| 020 | _a9788132354635 | ||
| 037 | _aEBOOK | ||
| 040 |
_aCRL _bhin _cCRL |
||
| 041 |
_ahin _2hin |
||
| 084 | _qCRL | ||
| 100 |
_aराम पाल सिंह / Ram Pal Singh _9942721 |
||
| 245 | 0 | _aमधययुगीन काव्य: स्वरूप, शैली एवं परम्परा / Madhyayugin Kavya: Swaroop, Shaili aur Parampara | |
| 260 |
_bभाषा प्रकाशन / Bhasha Prakashan _c2021 |
||
| 856 | _uhttps://bhashaprakashan.com/product-details/378600 | ||
| 942 | _cEBOOK | ||
| 999 |
_c1534386 _d1534386 |
||